000 00923nam a22002537a 4500
003 BPGM
008 260618e1989 mx c|||g |||| 001 0 spa d
020 _a968-6140-45-X
040 _bspa
041 _aspa
_hspa
082 0 4 _2920.72
_aD52
100 _9DIAZ RAMIREZ, EUGENIA MA.
_eAUTOR
245 _aMEMORIAS DE UNA NIÑA QUERETANA
250 _aPRIMERA EDICION
_b1989
260 _aMEXICO
_bGOBIERNO DEL ESTADO DE QUERETARO
_c1989
300 _a92 paginas
_c21 cm x 13.5 cm
336 _2rdacontent
_atexto
_btxt
337 _2rdamedia
_asin mediación
_bn
338 _2rdacarrier
_avolumen
_bnc
505 _aEs una obra autobiográfica que recoge recuerdos de infancia y juventud vividos en Querétaro, ofreciendo una mirada íntima y nostálgica de la vida cotidiana en la ciudad durante el siglo XX.
650 _2GEOGRAFÍA E HISTORIA
650 _2BIOGRAFÍA, GENEALOGÍA, INSIGNIAS
942 _2ddc
_cCOLQ
999 _c68628
_d68628